Real Berries Quiz Stats

 Plays Quiz Updated Sep 26, 2013

     
Support Sporcle.
Go Orange.
Score 0/40 Timer 06:00
0 Plays Today
% Correct
Blue
98%
Black
97.7%
Cran
92.6%
Rasp
91.8%
Goose
90.3%
Straw
89.6%
Elder
88.3%
Boysen
87.3%
Huckle
85.6%
Juniper
83.9%
Mul
81.7%
Thorn
77%
Dew
76.5%
Lingon
69.5%
Snow
67.2%
Logan
64.9%
Bay
64.2%
Rose
63.1%
Wine
57.8%
June
57.5%
% Correct
Caper
53.4%
Whortle
49.6%
Tangle
49.1%
Choke
48.8%
Hack
47.5%
Thimble
45.8%
Cloud
45.7%
Wolf
45.7%
Lime
40.9%
Conker
38.7%
Dog
36.7%
Salmon
36%
Crow
34.9%
Marion
33%
Olallie
32.5%
Bear
30.2%
Young
29.2%
Buffalo
28.3%
Sheep
26.6%
Nanny
15.2%

From the Vault

Prepositions in TV Shows

by aduchscher

Without prepositions, these shows are quite a bit different.
Remove Ads.
Support Sporcle.
Get the best of Sporcle when you Go Orange. This ad-free experience offers more features, more stats, and more fun while also helping to support Sporcle. Thank you for becoming a member.

Show Comments

Extras

Top Quizzes Today


Score Distribution

Your Account Isn't Verified!

In order to create a playlist on Sporcle, you need to verify the email address you used during registration. Go to your Sporcle Settings to finish the process.

Report this User

Report this user for behavior that violates our Community Guidelines.

Details: